[Event "Gaprindashvili Cup Women III Stage 2020"]
[Site "Online"]
[Date "2020.11.12"]
[Round "4.1"]
[White "Melia, Salome"]
[Black "Tsatsalashvili, Keti"]
[Result "1-0"]
[WhiteElo "2371"]
[BlackElo "2331"]
[Annotator "TA"]
[PlyCount "127"]
[EventDate "2020.11.04"]
[EventType "k.o."]
[SourceTitle "playchess.com"]
[Source "ChessBase"]
[SourceQuality "1"]

{[%evp 22,127,25,14,16,4,26,29,24,18,6,12,13,-15,-14,-4,-10,-8,0,0,16,12,8,13,5,12,26,0,0,0,0,-7,0,0,2,0,3,0,0,0,0,0,12,0,2,2,2,0,0,0,11,0,2,6,11,11,11,0,18,12,103,56,56,0,111,0,81,0,110,8,49,0,98,81,111,103,108,93,108,108,313,0,438,8,8,35,545,15,15,-186,-164,-185,-180,-171,-173,-91,29971,29971,29965,29966,29989,29990,29990,29991,29992,29993,29995,29996]} 1. e4 c6 2. d4 d5 3. Nc3 dxe4 4. Nxe4 Bf5 5. Ng3 Bg6 6. Nf3 Nd7 7. Bd3 Bxd3 8. Qxd3 Ngf6 9. O-O e6 10. Re1 Be7 11. c4 O-O 12. Bf4 Re8 {B18: Classical Caro-Kann: 4...Bf5 sidelines.} 13. Rad1 Nf8 14. a3 Ng6 {White has an edge.} 15. Be5 Nd7 {Threatening ...f6.} 16. Ne4 Ndxe5 {[#]} 17. dxe5 $146 ({Predecessor:} 17. Nxe5 Qb6 18. b4 Rad8 19. Qg3 Rxd4 20. Nd7 Rxd1 21. Rxd1 Qa6 22. Nec5 Qxc4 23. Nxb7 {½-½ (68) Melia,S (2454)-Gunina,V (2501) Plovdiv 2014}) 17... Qxd3 18. Rxd3 Red8 19. Red1 b6 20. Nd6 Rd7 21. Nf5 Rxd3 22. Nxe7+ Nxe7 23. Rxd3 $11 {[%mdl 4096] Endgame KRN-KRN} c5 24. Rd6 Kf8 25. g3 Ke8 26. Kf1 h6 27. Ke2 Rd8 28. Rxd8+ Kxd8 {KN-KN} 29. Kd3 Nc6 30. Ke4 Ke7 31. g4 Kd7 32. h4 Ke7 33. Nd2 Kf8 34. h5 Ke7 35. f4 Nd4 36. Nb1 Nb3 37. Nc3 Na5 38. Kd3 Nc6 39. Nb5 f6 40. exf6+ gxf6 (40... Kxf6 $11 {remains equal.} 41. Nd6 g6) 41. Ke4 Na5 42. Kd3 (42. Nxa7 $14 Nxc4 43. Nc8+ Ke8 44. b3 Nxa3 45. Nxb6) 42... Nc6 $16 43. Ke4 Na5 44. Kd3 Nc6 45. Nc3 ({Better is} 45. b3 $16) 45... Kf7 46. Nb5 Ke7 $1 47. b3 Kf7 48. Ke4 Ke7 {[#]} 49. f5 $1 e5 50. Kd5 Nd4 $2 (50... Kd7 $16) 51. b4 $2 (51. Nxa7 $18 {And now Nc8+ would win.} Kd7 52. Nb5 Nxb3 53. Nc3) 51... a6 $2 {[%mdl 8192]} (51... Nxb5 $11 {and Black is okay.} 52. cxb5 cxb4 53. axb4 Kd7) 52. Nc7 $2 ({White should try} 52. bxc5 $18 bxc5 53. Nc3) 52... cxb4 $11 53. axb4 a5 $2 {[%mdl 8192]} (53... Nc2 $14) 54. bxa5 $2 (54. c5 $18 axb4 55. cxb6) 54... bxa5 {[%cal Bb6a5,Ba5a4,Ba4a3][%mdl 32] White must now prevent ...a4.} 55. Na6 $2 (55. Kc5 $11 {and White has nothing to worry.}) 55... a4 $19 56. Nb4 {[#]} a3 $1 57. c5 Kd7 58. Na2 (58. Ke4 $19) 58... Nb3 $2 {[%mdl 8192]} (58... Nc6 $17) 59. c6+ {White mates.} Kc7 60. g5 {[%mdl 64] Promotion} fxg5 61. f6 Nd4 62. f7 Nxc6 63. f8=Q {[%mdl 64] Double Attack} e4 64. Qd6+ {[%mdl 64] Double Attack.  Weighted Error Value: White=0.55/Black=0.42} 1-0

[Event "Gaprindashvili Cup Women III Stage 2020"]
[Site "Online"]
[Date "2020.11.12"]
[Round "4.1"]
[White "Mikadze, Miranda"]
[Black "Charkhalashvili, Inga"]
[Result "1-0"]
[WhiteElo "2269"]
[BlackElo "2276"]
[Annotator "TA"]
[PlyCount "137"]
[EventDate "2020.11.04"]
[EventType "k.o."]
[SourceTitle "playchess.com"]
[Source "ChessBase"]
[SourceQuality "1"]

{[%evp 12,137,29,21,19,4,8,9,10,0,0,0,6,8,15,-7,2,0,29,27,46,30,30,38,97,93,97,86,115,107,135,117,209,209,209,207,241,97,95,28,68,20,25,4,34,49,79,75,72,0,302,0,74,18,11,0,0,0,0,0,0,0,0,0,0,0,0,0,0,0,0,-24,-14,-83,0,0,0,0,57,49,60,-47,0,0,786,732,682,337,360,368,375,366,290,8,8,8,188,187,630,629,614,568,1981,1897,917,1772,2386,2293,29968,12206,29970,29971,29958,29955,29972,29971,29969,29969,29964,29962,29982,29983,29987,29988,29990,29987,29988,29989]} 1. e4 c6 2. d4 d5 3. e5 Bf5 4. h4 h5 5. Bd3 Bxd3 6. Qxd3 e6 7. Nf3 Ne7 {B12: Caro-Kann: Advance Variation.} 8. O-O Nf5 9. Bg5 Be7 {The position is equal.} 10. Bxe7 Qxe7 11. g3 {[#]} O-O $146 ({Predecessor:} 11... Nd7 12. Nc3 Rc8 13. Rfe1 {½-½ (13) Staniszewski,P-Dejkalo,S (2325) Naleczow 1985}) 12. Nc3 Nd7 13. Nd1 c5 14. c3 cxd4 15. cxd4 Rfc8 16. Ne3 Nxe3 17. fxe3 {And now Ng5 would win.} f5 (17... f6 $14) 18. Rac1 $16 Qb4 19. Qe2 g6 20. Ng5 Qb6 21. Qd2 Kf8 (21... Nf8 $16 {keeps fighting.} 22. Rc2 Qd8) 22. Rc3 $1 $18 Ke7 23. Rfc1 Rc6 {[#]} 24. Rxc6 (24. Rb3 $1 $18 {[%cal Rb3b6] is the precise move to win.} Rxc1+ 25. Qxc1) 24... bxc6 $16 25. Rc3 (25. Qc3 $16) 25... Rc8 26. Nh3 (26. b4 $5) 26... c5 $1 27. Qf2 Rb8 28. Rc2 cxd4 29. exd4 Qa6 30. Qe3 (30. Qd2 $16 Qxa2 31. Qg5+ Kf7 32. Qh6 (32. Rc7 Qb1+ 33. Qc1 Qxc1+ 34. Rxc1 a5 $15)) 30... Rc8 $2 {[%mdl 8192]} (30... Qxa2 $11 {and Black stays safe.} 31. Qc1 (31. Qg5+ Kf7 $14) 31... Qa4 32. Qg5+ {[%mdl 64] Double Attack} Kf7) 31. Rf2 $2 (31. Rxc8 $18 Qxc8 32. Qg5+ Kf7 33. Nf4) 31... Qc4 (31... Qxa2 $11 {keeps the balance.} 32. Kh2 Qb1) 32. Qg5+ (32. Kh2 $16) 32... Kf7 $1 $11 33. Nf4 Rg8 34. Ne2 Qxa2 35. Kg2 Qb1 36. Nc3 Qd3 37. Rd2 Qc4 38. Qh6 Nf8 39. Qg5 Nd7 40. Qh6 a6 41. Qe3 Qb4 42. Rf2 (42. Na2 $11 {remains equal.} Qb8 43. Nc3) 42... Nb6 ({Black should play} 42... Rc8 $17) 43. Qg5 {Qf6+ is the strong threat.} Qe7 {aiming for ...Qxg5.} 44. Qh6 Nc4 (44... Qf8 $11 45. Qf4 Rg7) 45. b3 $14 Na5 $1 {[%cal Ra5b3]} 46. b4 (46. Rc2 $1 $14) 46... Nc6 47. b5 axb5 $2 {[%mdl 8192]} (47... Nxd4 $11 48. bxa6 Qa3 49. Qh7+ Rg7) 48. Nxb5 $18 {Black must now prevent Nd6+.} Ke8 49. Nd6+ (49. Ra2 $142 {Hoping for Ra8+.} Kd7 50. Qc1) 49... Kd7 50. Rb2 Rb8 51. Rxb8 Nxb8 {[#]} 52. Qxg6 $2 (52. Qh8 $1 $18 {[%csl Gd6][%cal Rh8c8]} Qd8 53. Qh7+ Qe7 54. Qg8 (54. Qxg6 Nc6 $11)) 52... Nc6 $1 $11 53. Nb5 Qb4 $2 {A mistake that costs the game.} (53... f4 $11 {and Black has nothing to worry.}) 54. Qf7+ $18 Ne7 $2 (54... Qe7 55. Qxh5 Qf8 56. Qh7+ Qe7 57. Qxe7+ Kxe7) 55. Nd6 {White wants to mate with Qe8+.} Qb8 56. Qxh5 Qb2+ 57. Kh3 Qb8 58. Qf7 Qg8 59. Qxg8 Nxg8 {[%mdl 4096] Endgame KN-KN} 60. h5 Ke7 61. Kh4 {Cut Off at move 61. White mates.} Kf8 62. Kg5 Kg7 63. Ne8+ Kf7 64. Nc7 Ne7 65. h6 Ng6 {[#]} 66. Nxe6 $1 {[%mdl 512]} Nh8 (66... Kxe6 67. Kxg6) 67. Nf4 Kg8 68. Nxd5 Nf7+ 69. Kg6 {Weighted Error Value: White=0.39/Black=0.51} 1-0

[Event "Gaprindashvili Cup Women III Stage 2020"]
[Site "Online"]
[Date "2020.11.12"]
[Round "4.2"]
[White "Khotenashvili, Bela"]
[Black "Javakhishvili, Lela"]
[Result "0-1"]
[WhiteElo "2463"]
[BlackElo "2473"]
[Annotator "TA"]
[PlyCount "60"]
[EventDate "2020.11.04"]
[EventType "k.o."]
[SourceTitle "playchess.com"]
[Source "ChessBase"]
[SourceQuality "1"]

{[%evp 11,60,-2,0,0,1,-3,-2,0,2,4,22,16,9,0,32,10,30,2,27,0,36,-25,0,-210,-197,-198,-188,-464,-452,-1022,-958,-953,-414,-406,-147,-875,-870,-1104,-597,-589,-560,-29983,-29984,-29984,-29985,-29979,-29980,-29979,-29980,-29995,-29996]} 1. Nf3 c5 2. c4 Nc6 3. g3 g6 4. Bg2 Bg7 5. Nc3 d6 6. d3 e6 7. h4 {A37: Symmetrical English vs ...g6: 4 Bg2 Bg7 5 Nf3.} h6 8. Bd2 Nge7 9. Qc1 {The position is equal.} Nf5 10. Rb1 {[#]} Nfd4 $146 ({Predecessor:} 10... Qd7 11. a3 b6 12. b4 Bb7 13. O-O Ncd4 14. Nxd4 Nxd4 15. Bxb7 Qxb7 16. bxc5 dxc5 {0-1 (60) Arlandi,E (2428)-Forato,E (2137) Brixen Bressanone 2019}) 11. Nxd4 cxd4 12. Na4 O-O 13. b4 {[%cal Bb2b4,Bb4b5][%mdl 32]} Kh7 14. b5 Ne5 15. O-O f5 (15... a6 $5 {[%cal Ra6b5]}) 16. Qa3 (16. c5 $14) 16... f4 17. Bxf4 $2 ({Reject} 17. gxf4 Ng4 $17) (17. Bb4 $11 {and White is okay.}) 17... Rxf4 $19 18. gxf4 Ng4 $1 19. Bh3 $2 (19. f3 Ne3 20. h5) 19... Qxh4 20. Bxg4 ({Not} 20. Kg2 $2 e5) (20. Qxd6 $142 Qxh3 21. f5 $1 {[%mdl 512]} exf5 22. Qg3 Qxg3+ 23. fxg3) 20... Qxg4+ {[%mdl 64] Double Attack} 21. Kh1 Qxf4 (21... b6 $142 22. Qb3 Bb7+ 23. e4 dxe3+ 24. f3 e2 25. Qc3 Bxc3 26. Nxc3 exf1=B 27. Rxf1 Bxf3+ 28. Rxf3 Qxf3+ {[%mdl 64] Double Attack} 29. Kh2 Qxf4+ 30. Kg2 Rf8 31. Nd1 Qf1+ $1 {[%mdl 512]} 32. Kh2 Rf3 33. Nf2 Qxf2+ {[%mdl 64] Double Attack} 34. Kh1 Rh3#) 22. f3 Bd7 $2 $40 {[%mdl 128] Black is out for blood.} (22... Be5 $19 {[%csl Ge5][%cal Rf4h2]} 23. Rf2 Qh4+ {[%mdl 64] Double Attack} 24. Kg1 Bf4) 23. Nb6 $2 {[%mdl 8192] Now White is beyond hope.} (23. Rf2 $17 Be5 24. Nb6 Qh4+ 25. Kg1) 23... Rf8 {[%cal Ba8f8,Bf8f5,Bf5g5][%mdl 32]} 24. Nxd7 Qh4+ 25. Kg2 {[#]} Rf5 $1 {[%cal Rf5g5]} 26. Rg1 {And now Kf1 would win.} Rg5+ {Black mates.} 27. Kf1 Qh3+ 28. Ke1 Rxg1+ 29. Kd2 Rxb1 30. Qxd6 Qf1 {Weighted Error Value: White=1.02/Black=0.69} 0-1

[Event "Gaprindashvili Cup Women III Stage 2020"]
[Site "Online"]
[Date "2020.11.12"]
[Round "4.2"]
[White "Khukhashvili, Sopiko"]
[Black "Arabidze, Meri"]
[Result "0-1"]
[WhiteElo "2334"]
[BlackElo "2437"]
[Annotator "RC"]
[PlyCount "58"]
[EventDate "2020.11.04"]
[EventType "k.o."]
[SourceTitle "playchess.com"]
[Source "ChessBase"]
[SourceQuality "1"]
[TimeControl "1500+5"]

1. e4 {[%emt 0:00:00]} c5 {[%emt 0:00:04]} 2. Nf3 {[%emt 0:00:02]} e6 {[%emt 0:00:03]} 3. d4 {[%emt 0:00:02]} cxd4 {[%emt 0:00:02]} 4. Nxd4 {[%emt 0:00:02]} Nc6 {[%emt 0:00:01]} 5. c4 {[%emt 0:00:08]} Bc5 {[%emt 0:00:26]} 6. Nb3 {[%emt 0:00:13]} Be7 {[%emt 0:00:24]} 7. Nc3 {[%emt 0:00:04]} Nf6 {[%emt 0:00:19]} 8. Be2 {[%emt 0:00:09]} d6 {[%emt 0:00:12]} 9. Be3 {[%emt 0:00:12]} b6 {[%emt 0:00:24]} 10. Qd2 {[%emt 0:00:24]} Bb7 {[%emt 0:00:10]} 11. Rd1 {[%emt 0:00:04]} O-O {[%emt 0:00:42]} 12. g4 {[%emt 0:00:36]} Ne5 {[%emt 0:01:10]} 13. f3 {[%emt 0:00:22]} Rc8 {[%emt 0:01:24]} 14. g5 {[%emt 0:01:26]} Ne8 {[%emt 0:00:35]} 15. Qd4 {[%emt 0:02:28]} Bxg5 {[%emt 0:00:30]} 16. f4 {[%emt 0:00:12]} Bh4+ {[%emt 0:00:08]} 17. Kf1 {[%emt 0:00:03]} Ng6 {[%emt 0:00:32]} 18. Rg1 {[%emt 0:00:11]} e5 {[%emt 0:02:26]} 19. fxe5 {[%emt 0:00:25]} Nxe5 {[%emt 0:00:02]} 20. Kg2 {[%emt 0:00:15]} f5 {[%emt 0:00:30]} 21. Nd5 {[%emt 0:00:09]} Bf6 {[%emt 0:03:15]} 22. exf5 {[%emt 0:00:24]} Nxc4 {[%emt 0:00:42]} 23. Qe4 {[%emt 0:00:17]} Nxe3+ {[%emt 0:00:24]} 24. Qxe3 {[%emt 0:00:02]} Nc7 {[%emt 0:00:34]} 25. Bf3 {[%emt 0:00:16]} Nxd5 {[%emt 0:00:09]} 26. Bxd5+ {[%emt 0:00:08]} Bxd5+ {[%emt 0:00:01]} 27. Rxd5 {[%emt 0:00:02]} Be5 {[%emt 0:00:36]} 28. Nd4 {[%emt 0:00:18]} Qh4 {[%emt 0:00:47]} 29. h3 {[%emt 0:00:56]} Rc4 {[%emt 0:01:32]} 0-1

[Event "Gaprindashvili Cup Women III Stage 2020"]
[Site "Online"]
[Date "2020.11.12"]
[Round "4.2"]
[White "Tsatsalashvili, Keti"]
[Black "Melia, Salome"]
[Result "1-0"]
[WhiteElo "2331"]
[BlackElo "2371"]
[Annotator "TA"]
[PlyCount "177"]
[EventDate "2020.11.04"]
[EventType "k.o."]
[SourceTitle "playchess.com"]
[Source "ChessBase"]
[SourceQuality "1"]

{[%evp 9,177,-9,0,-29,30,25,17,0,4,0,8,0,0,14,10,1,11,0,58,8,25,0,0,0,100,97,99,98,96,103,101,104,191,136,197,185,191,188,210,210,210,208,243,222,243,232,245,218,313,301,290,279,338,341,417,399,424,353,521,455,1281,620,29984,619,726,726,679,664,1014,1000,1036,1018,1014,951,1291,1299,1227,1245,1199,1098,1095,975,1367,937,6093,5715,5807,5607,5214,29963,5591,29965,29966,5531,4133,3040,29976,29977,29972,29973,29974,29975,29975,29976,29976,29973,29983,29984,29984,29976,29982,29978,29978,29979,29981,29981,29985,29985,29985,29981,29981,29982,29982,29983,29987,29982,29982,29983,29985,29985,29986,29985,29985,29984,29984,29985,29985,29986,29986,29986,29987,0,29986,0,29985,29984,29985,29983,29983,29982,29982,29983,29983,29982,29982,29983,29983,29984,29984,29985,29985,29986,29988,29985,29995,29990,29994,29995,29995,29996]} 1. d4 Nf6 2. Nf3 d5 3. c4 e6 4. Bg5 h6 5. Bh4 dxc4 (5... g5 $5 6. Bg3 $8 dxc4 $11) 6. e3 {D30: Queen's Gambit Declined: Systems without Nc3.} c5 (6... b5 $142) 7. Bxc4 $11 cxd4 8. exd4 {[#] The position is equal.} Be7 $146 ({Predecessor:} 8... Bb4+ 9. Nbd2 Nc6 10. O-O Bxd2 11. Qxd2 O-O 12. Rac1 a6 13. Bd3 Qe7 14. Bb1 Rd8 {0-1 (51) Tuvshintugs,B-Dahmani,N Bratislava 1993}) 9. Nc3 O-O 10. O-O Nc6 11. Re1 Nh5 12. Bxe7 Nxe7 13. Qd2 Bd7 (13... Nf6 $11) 14. Ne5 Bc6 15. Nxf7 (15. Bd3 {seems wilder.} Rc8 16. Re3 Nf4 17. Bc2 Kh8 18. Rg3) 15... Rxf7 16. Bxe6 Nd5 (16... Nf6 $11 {remains equal.}) 17. Nxd5 {White leaves nothing to chance now.} (17. Bxf7+ Kxf7 18. Re5 Nhf6 $11) 17... Bxd5 18. Bxd5 ({Much weaker is} 18. Bxf7+ $6 Bxf7 19. b3 Qf6 $11) 18... Qxd5 19. Re5 Qd6 {...Nf4 is the strong threat.} 20. Rxh5 Rc8 (20... Raf8 $16) 21. Rh3 (21. Re5 $18) 21... Rd7 (21... Qd5 $16 {was called for.} 22. Ra3 a6) 22. Rd3 $18 Qd5 23. h3 Rc6 {[%cal Bc8c6,Bc6g6,Bg6g4][%mdl 32]} 24. a3 Rg6 {[%csl Gg6][%cal Rd5g2]} 25. g3 h5 26. h4 Rg4 27. Rd1 Rd6 28. Qe2 Qf7 (28... Re6 $142 29. Qf3 Qxf3 30. Rxf3 Rge4) 29. d5 Qg6 30. Rd4 Rxd4 31. Rxd4 {[%mdl 4096] Endgame KQR-KQR} Qf7 32. Qe5 Qg6 33. Rf4 Rb6 (33... Rd8 $142 34. Re4 b6) 34. b4 a5 (34... Rd6 $142 35. Rf5 Rd8) 35. bxa5 (35. Qe7 $142 Kh7 36. Rf8) 35... Rb3 36. Qe6+ (36. Qb8+ $142 Kh7 37. Rf8 Qb1+ 38. Kh2 Rf3 39. Rxf3 Qb5 40. Rf7 $1 {[%mdl 512]} Qd3 41. Rf8) 36... Kh7 37. Qxg6+ Kxg6 {KR-KR} 38. Rd4 {Strongly threatening d6.} Kf7 39. Rb4 Rxa3 40. Rxb7+ Kf6 41. Rb5 Ke5 {[#]} 42. d6+ $1 Kxd6 43. Rxh5 Ke6 44. Kg2 Kf6 45. Rb5 Kf7 46. Rb7+ Kf8 47. Ra7 Kg8 48. a6 Kh7 49. g4 Kg6 50. Ra8 Kh7 51. f3 (51. h5 $142 Ra4 52. Kg3 g6 53. hxg6+ Kg7 54. Ra7+ Kxg6 55. Ra8 Kf7 56. a7) 51... Ra2+ 52. Kg3 Ra4 53. h5 Ra5 54. a7 Ra1 55. g5 g6 56. hxg6+ Kg7 57. Kg4 Ra4+ 58. f4 Ra1 59. Kf3 Ra4 60. Ke3 Ra3+ 61. Ke4 {Cut Off at move 61} Ra4+ 62. Ke5 Ra1 63. Rd8 Rxa7 64. Rd6 Ra1 65. f5 Re1+ 66. Kd5 Rf1 67. Ke6 Re1+ {[#]} 68. Kd7 $1 {[%cal Rd7d8]} Rf1 69. Rd5 Re1 70. Kd6 Rg1 71. Ke6 Re1+ 72. Re5 Ra1 73. Rc5 Re1+ 74. Kd6 Rd1+ 75. Ke6 Re1+ 76. Re5 Ra1 $1 77. Kd5 {White mates.} Rd1+ 78. Kc4 Rc1+ 79. Kd3 Rd1+ 80. Ke2 Rg1 81. Re7+ Kf8 82. Rf7+ Kg8 83. Kf3 Rxg5 84. Kf4 Rg1 85. Rc7 Ra1 86. Kg5 Ra6 87. Rc8+ Kg7 {[#]} 88. f6+ $1 Rxf6 89. Rc7+ {Weighted Error Value: White=0.44/Black=0.63} 1-0

[Event "Gaprindashvili Cup Women III Stage 2020"]
[Site "Online"]
[Date "2020.11.12"]
[Round "4.2"]
[White "Charkhalashvili, Inga"]
[Black "Mikadze, Miranda"]
[Result "1-0"]
[WhiteElo "2276"]
[BlackElo "2269"]
[Annotator "TA"]
[PlyCount "85"]
[EventDate "2020.11.04"]
[EventType "k.o."]
[SourceTitle "playchess.com"]
[Source "ChessBase"]
[SourceQuality "1"]

{[%evp 16,85,14,10,11,7,7,0,12,-43,-27,-29,-37,-28,-19,-58,-17,-20,-18,-25,-32,-23,-20,-31,-16,-23,-22,-29,-24,-47,-13,-7,-10,-10,0,0,0,-6,26,24,295,23,43,-339,-314,-421,-404,-416,-399,-414,-90,-252,1078,1064,1075,1014,864,854,822,823,799,770,1579,1571,1571,1571,1571,1530,1571,1392,6483,6298]} 1. d4 d5 2. c4 c6 3. Nc3 Nf6 4. Nf3 dxc4 5. a4 e6 6. e3 c5 7. Bxc4 Nc6 8. O-O cxd4 9. exd4 Be7 {D16: Slav Defence: 5 a4: Lines with 5...Bg4 and 5...Na6.} 10. Re1 O-O 11. Bd3 {[#] 11.Bf4 is the modern continuation.} b6 $146 {The position is equal.} ({Predecessor:} 11... Nb4 12. Bb1 Bd7 13. h3 Bc6 14. Ne5 Qa5 15. Nxc6 Nxc6 16. Ba2 Rad8 17. Be3 Rd7 {0-1 (38) Knobel,M (2020)-Wirthensohn,H (2411) Saas Almagell 2005}) 12. Bf4 ({White should play} 12. Ne5 $11 Bb7 13. Nxc6 Bxc6 14. Bf4) 12... Nb4 13. Bb1 Bb7 14. Ne5 Rc8 15. Bg3 Nc6 (15... Nfd5 {seems wilder.} 16. Qd2 f5 17. f4 Bf6 18. Ra3 a5) 16. Nxc6 Bxc6 17. Qd3 g6 18. Be5 Ng4 19. Bf4 Bd6 20. Qg3 Bxf4 21. Qxf4 Nf6 22. Ba2 Nd5 23. Bxd5 Bxd5 24. h4 h5 25. Re5 Bb7 26. Rd1 Rc4 27. Rd3 {Rxh5! is the strong threat.} Kg7 $2 {[%mdl 8192] [#]} (27... Re8 $11 {and Black is okay.}) 28. b3 $2 ({Only move:} 28. Rxh5 $1 $18 {[%mdl 512] Strongly threatening b3.} Rh8 (28... gxh5 29. Rg3+) 29. Qe5+ f6 30. Rxh8 (30. Qxe6 Rxc3 31. Rxh8 Rc1+ {[%mdl 64] Zwischenzug} 32. Kh2 Kxh8 $15) 30... Qxh8 31. Qxe6) 28... Rc7 $11 29. Rxh5 $4 {[%mdl 8192]} (29. d5 $1 $14) 29... gxh5 $19 30. Rg3+ Kh7 31. Qe5 {[%cal Re5h5]} f5 32. Rg5 Kh6 $2 (32... Rg8 $19 {is more deadly.} 33. Rxg8 Kxg8 34. Qxe6+ Rf7) 33. Ne2 $2 (33. Nb5 $17 {only move.} Rd7 {[#]} 34. Nd6 $1 {[%mdl 512]}) 33... Ba6 $4 {[%mdl 8192] [#]} (33... Rf6 $19 34. Nf4 Bd5 35. Rxh5+ Kg7 36. Rg5+ Kf7) 34. Nf4 $1 $18 {[%csl Gf4][%cal Rg5h5][%mdl 576] Double Attack. White is clearly winning.} Rc1+ {[#]} 35. Kh2 $1 {[%csl Gf4][%cal Rg5h5][%mdl 512]} Qf6 36. Rg6+ Qxg6 37. Nxg6 Kxg6 38. Qxe6+ Rf6 39. Qg8+ Kh6 40. Qg5+ {[%mdl 64] Double Attack} Kh7 41. Qxf6 Bd3 42. Qe7+ Kg6 43. Qg5+ {[%mdl 64] Double Attack. White used his chance.  Weighted Error Value: White=0.57/Black=0.64} 1-0

[Event "Gaprindashvili Cup Women III Stage 2020"]
[Site "Online"]
[Date "2020.11.12"]
[Round "4.4"]
[White "Javakhishvili, Lela"]
[Black "Khotenashvili, Bela"]
[Result "0-1"]
[WhiteElo "2473"]
[BlackElo "2463"]
[Annotator "TA"]
[PlyCount "118"]
[EventDate "2020.11.04"]
[EventType "k.o."]
[SourceTitle "playchess.com"]
[Source "ChessBase"]
[SourceQuality "1"]

{[%evp 17,118,-25,-12,-25,-18,-35,-23,-62,-60,-75,-58,-124,-117,-124,-68,-104,-66,-114,-116,-125,-118,-114,-66,-109,-102,-106,-104,-97,-106,-96,-82,-154,-147,-134,-104,-94,-27,-49,-49,-46,-43,-60,-24,-132,-120,-125,-25,-39,-31,-42,0,0,0,0,12,-38,-35,-78,-75,-74,-70,-162,-149,-502,-468,-1177,-1175,-5052,-5018,-2726,-1524,-1684,-1093,-1223,-1022,-5756,-5730,-5491,-5347,-2472,-1825,-1308,-963,-29983,-29984,-29984,-29985,-29984,-29985,-29985,-29984,-29993,-29989,-29989,-29990,-29990,-29991,-29993,-29994,-29994,-29995,-29998,-29995]} 1. d4 Nf6 2. Nf3 g6 3. Bg5 Bg7 4. Nbd2 O-O 5. c3 d6 6. e4 h6 7. Bh4 c5 8. dxc5 dxc5 9. Bc4 Nc6 10. O-O {A48: 1 d4 Nf6 2 Nf3 g6: Torre, London and Colle Systems.} Nh5 11. Nb3 {[#]} b6 $146 (11... Qc7 {with more complications.} 12. Bg3 Nxg3 13. hxg3 Rd8 14. Qc2 Rb8) ({Predecessor:} 11... Qc7 12. Bg3 Nxg3 13. hxg3 b6 14. Qc2 e6 15. Rad1 Bb7 16. Rd2 Rad8 17. Rfd1 Rxd2 18. Rxd2 {0-1 (83) Maia,L (2287)-Giaccio,A (2467) Sao Paulo 2005}) 12. Qxd8 {Black has an edge.} Rxd8 13. Bd5 Bd7 14. Rad1 (14. Rfd1 $15) 14... g5 $17 15. Bg3 Rac8 (15... Nxg3 $17 16. hxg3 e6) 16. Rfe1 Be8 17. Nc1 g4 18. Nd2 Nxg3 19. hxg3 e6 20. Bb3 b5 {[%cal Bb6b5,Bb5b4][%mdl 32]} 21. Nf1 b4 22. Ne2 Ne5 {...Nd3 is the strong threat.} 23. Rxd8 Rxd8 24. Nf4 ({White should play} 24. cxb4 cxb4 25. Rd1 Rxd1 26. Bxd1) 24... bxc3 25. bxc3 c4 26. Bc2 Ng6 ({Black should try} 26... Rd6 $17) 27. Ne2 h5 28. Rb1 Ne5 29. Rb7 a5 30. Nd4 (30. Ra7 $11) 30... Nd3 31. Ne3 {[#]} Ne1 ({Much weaker is} 31... Bxd4 $6 32. cxd4 Bc6 33. Rc7 $11) ({Better is} 31... Nc1 $1 $17 32. Bb1 (32. Nxc4 Nxa2 33. Nxa5 Nxc3 $17) 32... Bxd4 33. cxd4 Rxd4) 32. Bd1 Kf8 33. Rc7 Bxd4 34. cxd4 Rxd4 35. Rxc4 Rd2 36. a3 (36. Kf1 $5 {[%cal Rf1e1]} Rxd1 37. Nxd1 $11) 36... Ra2 37. Rc5 Rxa3 38. Rxh5 Nd3 39. Rh8+ ({But not} 39. Bxg4 Ra1+ 40. Bd1 Nb2 $17) (39. Kf1 $15) 39... Ke7 $19 40. Bxg4 $2 {[%mdl 8192] This move loses the game for White.} (40. Rh5 $17) 40... Ra1+ 41. Kh2 (41. Nf1 $142 Nc5 42. Rh5) 41... Nxf2 {[%csl Gf2][%cal Ra1h1]} 42. Nd1 Nxg4+ 43. Kh3 Nf6 44. Nf2 Ra2 45. Nd3 Nxe4 46. Rh4 Ng5+ 47. Kg4 f6 48. Rh8 Ra3 49. Nf4 Bd7 50. Ra8 e5+ {[%mdl 64] Discovered Attack. Black mates.} 51. Kh5 exf4 52. gxf4 Ne6 53. f5 Nd4 54. g4 a4 55. Ra7 Rh3+ 56. Kg6 {[#]} Rg3 $1 57. Kh7 Rxg4 58. Kh8 Nxf5 59. Ra8 Nd6 {Weighted Error Value: White=0.84/Black=0.37} 0-1